000 00639nam a2200253Ia 4500
003 OSt
005 20221007103212.0
006 a|||||r|||| 00| 0
007 ta
008 221006b |||||||| |||| 00| 0 hin d
024 _a12,510
037 _cTextual
040 _aLCO
_cLCO
_bhin
041 _2hin
_ahin
082 _aX8(A):Z, N3
100 _aSingh Indrajeet
_9461250
245 0 _aShramik Vidhiya
250 _a12th
260 _aAllahabad
_bCentral Law Publication India
_c1993
300 _a586
650 _aLabour Laws
942 _hX8(A):Z, N3
_cTEXL
999 _c1182073
_d1182073